| 000 | 00661nam a2200205Ii 4500 | ||
|---|---|---|---|
| 003 | JO-AjNU | ||
| 008 | 230606s9999||||xx |||||||||||||| ||und|| | ||
| 020 | _a978-1-60623-485-3 | ||
| 040 |
_aJO-AjNU _beng _erda _cJO-AjNU |
||
| 041 | _aeng | ||
| 050 | 1 | 4 | _aHE147.65.B57.2010 |
| 100 | 3 |
_aBlack.William R, _eauthor _94184 |
|
| 245 | 0 | 0 | _aSustainable Transportation:problems and solutions |
| 264 | 3 | 1 | _aNew York:The Guilford Press,2010 |
| 300 | _a299p | ||
| 336 |
_atext _btxt _2rdacontent |
||
| 337 |
_aunmediated _bn _2rdamedia |
||
| 338 |
_avolume _bnc _2rdacarrier |
||
| 650 | 4 |
_aTransportation-Environmental aspects-Local transit-Environmental aspects _94185 |
|
| 999 |
_aE2177 _c2175 _d2175 |
||